Quizzes
Events
Quiz Creation
Community
Videos
Private Events
Remove Ads
Sign In
Join for FREE
Feedback
Dark Mode
Quiz Categories
Sports
Geography
Music
Movies
Television
Just For Fun
Miscellaneous
History
Literature
Language
Science
Gaming
Entertainment
Religion
Holiday
For Kids
Quiz Lab
Recent
Popular Today
Quiz Kudos Today
Editor Picks
Curator Picks
Quizzes by...
Day
Popularity
Type
Ratings
Length
Year
Community
Subscriptions
Recent Discussions
Orange Saloon
Badges
Playlists
Quests
Create
Leaderboards
Showdown
Live 5
Trivia Bingo
Activity
Puzzle Library
Sporcle Events
Private Events
Virtual Trivia
Globe League
Become a Host
Pub Owners
SporcleCon
Opinionation
Our Games
Videos
Blog
Mobile Apps
Partnerships
Remove Ads and Go Orange
Feedback
Sports
Athletes
MLB
NBA
NHL
NFL
Soccer
Sports Teams
WWE
NCAA
Football
Premier League
Basketball
Baseball
Hockey
Golf
Tennis
Cricket
Rugby
Auto Racing
Olympics
World Cup
Sports
Athletes
MLB
NBA
NHL
NFL
Soccer
Sports Teams
WWE
NCAA
Football
Premier League
Basketball
Baseball
Hockey
Golf
Tennis
Cricket
Rugby
Auto Racing
Olympics
World Cup
Random Quiz
Search Sporcle
×
Quiz Lab
Quiz Lab
Sports
Football
Type in answers that appear in a list
Type in answers that appear in a list
Classic
Best Score? Go Orange.
Transfer records - Paris Saint-Germain Stats
Can you name the transfer records of Paris Saint-Germain? [- 10.03.2015]
By
Irgendwas_mit_F
10m
50 Questions
317 Plays
317 Plays
317 Plays
Comments
Comments
Give Quiz Kudos
Give Quiz Kudos
-
- Ratings
hide this ad
Replay
Link that replays current quiz
Next Quiz
Link to next quiz in quiz playlist
You Got
0%
They Got
Avg Score
44%
Avg Friend Score
Upgrade to see
Score Distribution
Jump to the score distribution portion of the page
Score
0/50
Timer
10:00
0
Plays Today
-
Player
% Correct
(Transfer Sum [Mill. €] /
Year) Record Arrivals
Edinson Cavani
96.5%
(Transfer Sum [Mill. €] /
Year) Record Arrivals
Thiago Silva
95.3%
(Transfer Sum [Mill. €] /
Year) Record Arrivals
Zlatan Ibrahimovic
94.6%
(Transfer Sum [Mill. €] /
Year) Record Arrivals
Javier Pastore
90.5%
(Transfer Sum [Mill. €] /
Year) Record Arrivals
David Luiz
87.4%
(Transfer Sum [Mill. €] /
Year) Record Arrivals
Ezequiel Lavezzi
86.8%
(Transfer Sum [Mill. €] /
Year) Record Arrivals
Lucas
79.8%
(Transfer Sum [Mill. €] /
Year) Record Arrivals
André Luiz
79.5%
(Transfer Sum [Mill. €] /
Year) Record Departures
Ronaldinho
79.2%
(Transfer Sum [Mill. €] /
Year) Record Arrivals
Marco Verratti
75.4%
(Transfer Sum [Mill. €] /
Year) Record Arrivals
Marquinhos
75.1%
(Transfer Sum [Mill. €] /
Year) Record Arrivals
Thiago Motta
69.7%
(Transfer Sum [Mill. €] /
Year) Record Arrivals
Nicolas Anelka
68.1%
(Transfer Sum [Mill. €] /
Year) Record Departures
Nicolas Anelka
68.1%
(Transfer Sum [Mill. €] /
Year) Record Arrivals
Pauleta
63.7%
(Transfer Sum [Mill. €] /
Year) Record Arrivals
Yohan Cabaye
57.1%
(Transfer Sum [Mill. €] /
Year) Record Arrivals
Jérémy Ménez
53.3%
(Transfer Sum [Mill. €] /
Year) Record Departures
Mamadou Sakho
52.1%
(Transfer Sum [Mill. €] /
Year) Record Arrivals
Kévin Gameiro
51.7%
(Transfer Sum [Mill. €] /
Year) Record Departures
Kévin Gameiro
51.7%
(Transfer Sum [Mill. €] /
Year) Record Arrivals
Jay-Jay Okocha
45.4%
(Transfer Sum [Mill. €] /
Year) Record Arrivals
Jérôme Rothen
45.1%
(Transfer Sum [Mill. €] /
Year) Record Arrivals
Lucas Digne
42.9%
(Transfer Sum [Mill. €] /
Year) Record Departures
George Weah
38.2%
(Transfer Sum [Mill. €] /
Year) Record Departures
Gabriel Heinze
34.1%
-
Player
% Correct
(Transfer Sum [Mill. €] /
Year) Record Departures
Youri Djorkaeff
32.5%
(Transfer Sum [Mill. €] /
Year) Record Arrivals
Stéphane Dalmat
31.2%
(Transfer Sum [Mill. €] /
Year) Record Arrivals
Mevlüt Erding
30.9%
(Transfer Sum [Mill. €] /
Year) Record Departures
Mevlüt Erding
30.9%
(Transfer Sum [Mill. €] /
Year) Record Arrivals
Mario Yepes
29.7%
(Transfer Sum [Mill. €] /
Year) Record Departures
Leonardo
28.7%
(Transfer Sum [Mill. €] /
Year) Record Departures
Stéphane Sessègnon
28.7%
(Transfer Sum [Mill. €] /
Year) Record Departures
Laurent Robert
28.1%
(Transfer Sum [Mill. €] /
Year) Record Arrivals
Bonaventure Kalou
26.8%
(Transfer Sum [Mill. €] /
Year) Record Departures
Fabrice Fiorese
23.3%
(Transfer Sum [Mill. €] /
Year) Record Departures
Florian Maurice
22.4%
(Transfer Sum [Mill. €] /
Year) Record Departures
Lorik Cana
22.4%
(Transfer Sum [Mill. €] /
Year) Record Departures
Cristian Rodríguez
21.5%
(Transfer Sum [Mill. €] /
Year) Record Arrivals
Reinaldo
18.3%
(Transfer Sum [Mill. €] /
Year) Record Departures
Reinaldo
18.3%
(Transfer Sum [Mill. €] /
Year) Record Departures
Amara Diané
17.7%
(Transfer Sum [Mill. €] /
Year) Record Arrivals
Hugo Leal
14.8%
(Transfer Sum [Mill. €] /
Year) Record Departures
Didier Domi
14.8%
(Transfer Sum [Mill. €] /
Year) Record Departures
Alain Goma
14.5%
(Transfer Sum [Mill. €] /
Year) Record Departures
Christian Wörns
13.9%
(Transfer Sum [Mill. €] /
Year) Record Departures
Sylvain Distin
13.2%
(Transfer Sum [Mill. €] /
Year) Record Departures
Jocelyn Angloma
11%
(Transfer Sum [Mill. €] /
Year) Record Departures
Benoit Cauet
9.8%
(Transfer Sum [Mill. €] /
Year) Record Departures
Didier Digard
8.2%
(Transfer Sum [Mill. €] /
Year) Record Departures
David Rozehnal
6.9%
Quiz Playlist
Details
Report
Send in Message
Add To Playlist
Classic:
Type in answers that appear in a list
Quiz Source
Last Updated: Feb 16, 2017
Quiz Scoreboard
CHALLENGE
Sign Up to Join the Scoreboard
Show All
Scores
Hide
Comments
May contain spoilers
Recently Published
An Introduction to Baseball
by treessimontrees
Sports
5m
Movies - When Are They Set?
by FPL_Elf
Movies
5m
Popular People in 1961
by mucciniale
History
6m
More to Explore
Quiz From the Vault
Featured Blog Post
Where Did the Easter Bunny Come From?
hide this ad
You Might Also Like...
Tags
Football Quiz
Soccer Quiz
Highest Transfers
Player
PSG
record
Top 25
Transfer
Transfer Fees
Transfers
Today's Top Quizzes in Sports
Browse Sports
hide this ad
Today's Top Quizzes in Football
Browse Football
Top Contributed Quizzes in Sports
1
Les meilleurs buteurs des matchs entre le PSG et l’OM
2
2022 World Cup Stars
3
FIFA Club World Cup Champions
4
Les entraîneurs de l'OM et du PSG au 21e siècle
5
Name the Premier League winners with different clubs
6
La finale Lions - Afrique du Sud 2021
7
England Test cricketers to play under Nasser Hussain
8
5-to-1: UK Sports Teams
9
Les joueurs passés par le LOSC et le RC Lens
10
Criteria MLB: Left Handed Sluggers
Explore More
Trending Topics
Crossword
Kpop
Disney
Anime
Marvel
Harry Potter
NBA
Pokémon
Soccer
Country
The Office
NFL
Puzzle
WWE
Song
hide this ad
More By:
Irgendwas_mit_F
Quiz
Plays
Rating
Category
Featured
Created
Largest Islands of the Pacific Ocean
28,101
4.48
Geography
Dec 8, 2014
Most matches together with Steven Gerrard
12,137
4.95
Sports
Mar 31, 2017
Most matches together with Ronaldinho
6,207
5.00
Sports
Jul 13, 2019
Most matches together with Frank Lampard
6,019
5.00
Sports
Mar 29, 2017
Most matches together with Ryan Giggs
5,926
4.91
Sports
Mar 30, 2017
Go to Creator's Profile
Score Distribution
Quiz Creator Spotlight
Irgendwas_mit_F
Follow
Send a Message
Quizzes Created
-
Created Quiz Play Count
-
More By This Creator
Popular Quizzes Today
1
Find the Countries of Europe - No Outlines Minefield
2
Find the US States - No Outlines Minefield
3
The Countries of the World
4
Popular People in 1961
5
Find the US States
6
US States
7
1-10 Letter E Words III
8
Risky Map Clicking: Biggest States A-Z
More Sports Quizzes
International Footballers: Nose Out the Norwegians II
Quiz Lab
Trending Quizzes
Risky Map Clicking: Least Populous States A-Z
1-10 Letter F Words
1-10 Letter G Words
One Thing in Common: United Kingdom
Risky Map Clicking: Next State Alphabetically
Recently Updated
Leaping Animals
pecheneg
Reality TV Shows (A-Z)
bhenderson79
Rickey Henderson's Hall of Fame Teammates
pecheneg
Champions League XIs: Arsenal
pecheneg
Quick Pick: Celebrities in WWE's Hall of Fame
aduchscher
A-Z Keypad Blitz II
pecheneg
Multiple Oscar Actors
pecheneg
Mystery Phrase Blitz: Oscar 'Best Actors'
pecheneg
F. Scott Fitzgerald Novels
LTH
Pick 3 Villains
ddd62291
Trending Topics
Kpop
Anime
Harry Potter
Crossword
Marvel
NBA
Disney
NFL
WWE
Soccer
Pokémon
The Office
Country
Song
Puzzle
Your Account Isn't Verified!
In order to create a playlist on Sporcle, you need to verify the email address you used during registration. Go to your
Sporcle Settings
to finish the process.
Report this User
Report this user for behavior that violates our
Community Guidelines
.
Details:
Send Report
Go to the Sporcle.com Mobile Site →
Comments